[Event "Villa Ballester op 69th"]
[Site "Villa Ballester"]
[Date "2019.01.16"]
[Round "1"]
[White "Cidre, Valentino"]
[Black "Glodovico, Lucas Nahuel"]
[Result "1-0"]
[WhiteElo "2004"]
[BlackElo "1555"]
[PlyCount "115"]
[EventDate "2019.01.16"]
[EventType "swiss"]
[EventRounds "9"]
[EventCountry "ARG"]
[SourceTitle "CBM 188 Extra"]
[Source "ChessBase"]
[SourceDate "2019.02.26"]
[SourceVersion "1"]
[SourceVersionDate "2019.02.26"]
[SourceQuality "1"]

1. e4 d5 2. exd5 Qxd5 3. Nc3 Qa5 4. Bc4 Nf6 5. d3 c6 6. Nf3 Bg4 7. Bd2 Qc7 8. Qe2 e6 9. h3 Bxf3 10. Qxf3 Be7 11. Bb3 Nbd7 12. Bf4 Bd6 13. Bxd6 Qxd6 14. 0-0 Nc5 15. Rfe1 Nxb3 16. axb3 0-0 17. Qe3 b6 18. Ra6 Nd5 19. Nxd5 cxd5 20. Rea1 Qe7 21. c3 Rfc8 22. Qd4 Rc7 23. Qxb6 axb6 24. Rxa8+ Qf8 25. Rxf8+ Kxf8 26. Ra8+ Ke7 27. Rb8 Rc6 28. Rb7+ Kf6 29. f4 Rc8 30. Rxb6 Ra8 31. c4 Kf5 32. g3 Ra2 33. Kf2 Rxb2+ 34. Kf3 dxc4 35. dxc4 Rc2 36. g4+ Kf6 37. g5+ Kf5 38. Rb5+ Kg6 39. Re5 Rc3+ 40. Re3 Rc1 41. Ke4 f5+ 42. Ke5 Kf7 43. Kd6 Rd1+ 44. Kc6 Ke7 45. Rf3 Rd6+ 46. Kb5 Kd8 47. c5 Rd5 48. b4 Kc7 49. Kc4 Rd1 50. Kb5 Rd5 51. Ra3 Kb7 52. Re3 Rd4 53. Rxe6 Rxf4 54. Re7+ Kc8 55. Rxg7 Rf1 56. Kc6 Kb8 57. b5 Rd1 58. Rg8+ 1-0